000 01013nam a2200277 a 4500
001 000014914
003 DO-SdBNP
005 20220712133516.0
007 ta
008 100127s2005 dr 001 0 spa d
040 _aDO-SdBNP
_bspa
_cBNPHU
082 4 _a344.7293046
_bM843de
_222
100 1 _aMoreno, Santa
_917783
245 1 0 _aDerecho y medio ambiente /
_cSanta Moreno ; presentación Edgar Hernández Mejía.
260 _aSanto Domingo :
_bManatí,
_c2005.
300 _a304 p. ;
_c24cm.
500 _aIncluye datos biográficos de la autora en las solapas
504 _aBibliografía : p. 301-304
590 _aInventariado, 2018/LP
650 4 _aDerecho ambiental
_zRepública Dominicana
_99697
650 4 _aConservación de los recursos naturales
_xLegislación
_zRepública Dominicana
_99785
650 4 _aControl ambiental
_xLegislación
_zRepública Dominicana
_99699
700 1 _aHernández Mejía, Edgar,
_dpresent.
_933762
910 _aValidado. Control de calidad EMS
942 _2ddc
_cLBS1
999 _c14494
_d14494